000 00409nam a2200145Ia 4500
008 230917s9999||||xx |||||||||||||| ||und||
040 _e150749
_aMAIN
041 _aEnglish
082 _a823.09 M687A
100 _aMishra, Shri Narayan
245 0 _aAngrezi upanyas ka vikas aur uski rachana paddati
260 _aLucknow
_bHindi Samiti Suchna Vibhag Uttar Pradesh
_c1961
300 _a362 p.
942 _cBK
999 _c223152
_d223152